Statistiken für Alle Minderheiten Katars

Klicken Sie hier um das Quiz zu spielen!

Allgemein

  • Dieses Quiz wurde 29 mal gespielt
  • Das Durchschnittsergebnis liegt bei 10 aus 14

Antwortstatistiken

BevölkerungLand% Korrekt
700,000Indien
96%
400,000Bangladesch
89%
30,000Iran
89%
150,000Pakistan
89%
54,000Syrien
89%
300,000Ägypten
70%
140,000Sri Lanka
70%
40,000Libanon
67%
60,000Sudan
67%
400,000Nepal
63%
236,000Philippinen
56%
40,000USA
56%
22,000Vereinigtes Königreich
48%
30,000Kenia
44%

Verteilung der Resultate

Perzentil nach korrekt beantworteten Fragen

Anzahl Personen mit jedem Resultat

Ihre Resultats-Entwicklung

Sie haben dieses Quiz noch nicht gespielt